Вятър от консерва : Епиграми и сатир. стихотворения (Запис номер 370060)
[ съкратено ]
| 000 -Лидер | |
|---|---|
| Контролно поле с фиксирана дължина | 00947nam a2200241 a 4500 |
| 003 - Код на организацията, давaща контролен номер | |
| Контролно поле | BLK |
| 005 - Дата и час на последна редакция | |
| Контролно поле | 20230627141814.0 |
| 008 - Елементи от данни с фиксирана дължина | |
| fixed length control field | 200622b bu |||||r|||| 00| | bu d |
| 040 ## - Източник на каталожния запис | |
| Идентификатор на билиотеката - собственик на записа | BLK |
| 041 ## - Код за език | |
| Код за езика на текст/звукозапис или на отделно заглавие | Български |
| Код за езика КДБФ | Български |
| 080 ## - УДК | |
| Текстов определител УДК | Българска литература |
| УДК код - определител по УДК | 821.163.2 |
| УДК определител | -17 |
| УДК - код + определител | 821.163.2-17 |
| 100 ## - Редна дума - Автор | |
| R(LIN) | 296421 |
| Автор | Краевски, Петър Иванов |
| Авторска отговорност | първи автор |
| 139 ## - Редно поле | |
| Редна дума | Краевски, Петър |
| Авторски знак | Крав - К 88 |
| 245 ## - Сведения за заглавието | |
| Заглавие | Вятър от консерва : Епиграми и сатир. стихотворения |
| Редно поле (дума) | Петър Краевски ; Ил. Николай Краевски |
| 260 ## - Област на издателските данни | |
| 9 (RLIN) | 416142 |
| Място на издаване, разпространение и проч. | Пловдив |
| Име на издателя, разпространителя и проч. | Сатир. клуб Златният муфлон |
| Година на издаване | 1994 |
| 300 ## - Физическа характеристика | |
| Страници | 88 с. |
| Илюстрации и др. | с ил. |
| Размери/Мащаб | 20 см |
| 380 ## - Жанр | |
| Жанр | Худож. лит. |
| 700 ## - Други автори (авторска отговорност) | |
| 9 (RLIN) | 599 |
| Лично име | Краевски, Николай |
| Автороска отговорност (Описва отношението между автора и произведението) | ил. |
| 852 ## - Местоположение | |
| Форматна сигнатура | Цб 176629 |
| Фондова буква | Хранилище |
| 942 ## - АРТИКУЛИ | |
| Вид на библиотечния материал | Книги |
| Скрит в OPAC | Не |
| Периодичен библиозапис | Да |
| 944 ## - СЪЗДАВАНЕ И РЕДАКЦИЯ на ЗАПИСА | |
| Създаване/Редакция | Създаване |
| Дата на регистрацията/редакция | 2020-06-22 |
| Служител, извършил регистрацията/редакцията | В. Р. |
| 999 ## - СИСТЕМНИ КОНТРОЛНИ НОМЕРА | |
| Koha biblionumber | 370060 |
| Koha biblioitemnumber | 370060 |
| 999 ## - СИСТЕМНИ КОНТРОЛНИ НОМЕРА | |
| Koha biblioitemnumber | 370060 |
| Код за отписване | Код за изгубен артикул | Източник на класификационната схема | Код за повреда | Код за отдаване | Артикулен № | Име на библиотеката - собственик | Име на библиотеката, в която се намира в момента | Статус (Текущо местоположение) | Дата на вписване в системата | Местоположение - отдел | Цена в лева | Инвентарен номер | Систематично азбучна сигнатура | Баркод | Цена в евро | Служебен тип на артикула |
|---|---|---|---|---|---|---|---|---|---|---|---|---|---|---|---|---|
| Не е изгубен | Universal Decimal Classification | Не е повреден | ползва се в читалня | 778768 | Регионална библиотека "Любен Каравелов" Русе | Регионална библиотека "Любен Каравелов" Русе | Хранилище | 2020-06-25 | Хранилище | 0.00 | 600978 | Цб 176629 | 120000600978 | 0.00 | Книги |